| 000 | 00731nam a2200229Ia 4500 | ||
|---|---|---|---|
| 003 | GCL | ||
| 008 | 140319s9999 xx 000 0 ara d | ||
| 040 |
_aGCL / _cGCL |
||
| 082 | 0 | 4 |
_a332.1 _bص د |
| 100 | 1 | _aصبحى تادرس قريصة | |
| 245 | 1 | 0 |
_aدراسة فى النظم النقدية والمصرفية: مع الاشارة الخاصة الى مصلر ولبنان / _cصبحى تادرس قريصة |
| 260 |
_a[S.N] : _bمعهد البحوث والدراسات العربية ، _c1974 |
||
| 300 | _a190 ص | ||
| 490 | _a | ||
| 650 | 0 | 4 | _aمصر |
| 650 | 0 | 4 | _aالاقتصاد |
| 650 | 0 | 4 | _aلبنان |
| 650 | 0 | 4 | _aالنقود |
| 650 | 0 | 4 | _aالبنوك |
| 650 | 0 | 4 | _aالتمويل |
| 942 |
_2ddc _cBK |
||
| 999 |
_c30905 _d30905 |
||